Знаменитые люди по имени Джон - Statistics

General Stats
  • This quiz has been taken 96 times
    51 since last reset
  • The average score is 5 of 18
Answer Stats
Подсказка Ответ % Correct
35-й президент США Джон {Кеннеди}
70%
Рок-музыкант, добившийся всемирной известности как основатель, соавтор, вокалист и ритм-гитарист группы The Beatles. Джон {Леннон}
67%
Актёр, снявшийся в фильмах «Сонная Лощина» и «Эдвард Руки-ножницы» Джонни {Депп}
60%
Актёр, снявшийся в фильмах «Лихорадка субботнего вечера» и «Криминальное чтиво» Джон {Траволта}
49%
Предприниматель, стал первым в мире официальным долларовым миллиардером в истории человечества Джон {Дэвисон Рокфеллер}
42%
Бывший капитан сборной Англии по футболу, а также клубов «Челси» и «Астон Вилла» Джон {Терри}
37%
Является одним из величайших рестлеров всех времён, завоевав наибольшее количество мировых чемпионских титулов в истории WWE Джон {Сина}
37%
Певец, ключевая фигура в музыке кантри, является одним из самых влиятельных музыкантов XX века Джонни {Кэш}
21%
Второй президент США Джон {Адамс}
21%
Политик и ветеран Вьетнамской войны, кандидат в президенты США от республиканцев на выборах 2008 года Джон {Маккейн}
19%
Композитор, музыку к таким известным картинам, как «Звёздные войны» и «Челюсти» Джон {Уильямс}
12%
68-й Государственный секретарь США Джон {Керри}
9%
Теннисист, семикратный победитель турниров Большого шлема Джон {Макинрой}
7%
Автор романов «Фирма» и «Дело о пеликанах» Джон {Гришэм}
7%
Актёр, снявшийся в фильмах «Полуночный ковбой» и «Анаконда» Джон {Войт}
7%
Актёр, снявшийся в фильмах «Империя солнца» и «На линии огня» Джон {Малкович}
5%
Актёр, снявшийся в фильмах «Форт Аламо» и «Настоящее мужество» Джон {Уэйн}
2%
Один из самых влиятельных джазовых музыкантов второй половины XX века, саксофонист и композитор Джон {Колтрейн}
0%
No matching quizzes found
Score Distribution
Percent of People with Each Score
Percentile by Number Answered
Your Score History
You have not taken this quiz since the last reset